Sports Quiz

Random Sports or NFL Quiz

2009 100-Yard Rushers Quiz Stats

 Plays Quiz not verified by Sporcle

Score 0/116 Timer 09:00
0 Plays Today
They play in the NFL Rushers % Correct
228Chris Johnson
99.1%
197Chris Johnson
99.1%
154Chris Johnson
99.1%
151Chris Johnson
99.1%
142Chris Johnson
99.1%
135Chris Johnson
99.1%
134Chris Johnson
99.1%
132Chris Johnson
99.1%
128Chris Johnson
99.1%
117Chris Johnson
99.1%
113Chris Johnson
99.1%
104Chris Johnson
99.1%
107Larry Johnson
98.8%
117Julius Jones
98.7%
210Thomas Jones
98.5%
121Thomas Jones
98.5%
109Thomas Jones
98.5%
107Thomas Jones
98.5%
105Thomas Jones
98.5%
103Thomas Jones
98.5%
102Thomas Jones
98.5%
180Adrian Peterson
97.4%
143Adrian Peterson
97.4%
133Adrian Peterson
97.4%
119Ricky Williams
96.8%
115Ricky Williams
96.8%
108Ricky Williams
96.8%
102Ricky Williams
96.8%
158DeAngelo Williams
96.7%
152DeAngelo Williams
96.7%
149DeAngelo Williams
96.7%
122DeAngelo Williams
96.7%
129Carnell 'Cadillac' Williams
96.5%
149Steven Jackson
94.2%
134Steven Jackson
94.2%
131Steven Jackson
94.2%
117Steven Jackson
94.2%
116Steven Jackson
94.2%
112Steven Jackson
94.2%
They play in the NFL Rushers % Correct
104Steven Jackson
94.2%
212Fred Jackson
94.1%
163Fred Jackson
94.1%
136Ronnie Brown
91.9%
115Ronnie Brown
91.9%
133Michael Bush
90.9%
119Michael Bush
90.9%
177Maurice Jones-Drew
89.9%
133Maurice Jones-Drew
89.9%
123Maurice Jones-Drew
89.9%
119Maurice Jones-Drew
89.9%
110Maurice Jones-Drew
89.9%
124Marion Barber
89.7%
207Frank Gore
89.4%
167Frank Gore
89.4%
107Frank Gore
89.4%
107Frank Gore
89.4%
104Frank Gore
89.4%
189Cedric Benson
87.8%
141Cedric Benson
87.8%
133Cedric Benson
87.8%
120Cedric Benson
87.8%
117Cedric Benson
87.8%
110Cedric Benson
87.8%
166Michael Turner
87.7%
151Michael Turner
87.7%
111Michael Turner
87.7%
105Michael Turner
87.7%
166Ray Rice
87.6%
141Ray Rice
87.6%
108Ray Rice
87.6%
103Ray Rice
87.6%
126Pierre Thomas
85.7%
121Matt Forte
85.2%
101Matt Forte
85.2%
105Fred Taylor
85.1%
148Ryan Grant
84.4%
137Ryan Grant
84.4%
129Ryan Grant
84.4%
They play in the NFL Rushers % Correct
101Kevin Smith
84.4%
165Rashard Mendenhall
83.9%
155Rashard Mendenhall
83.9%
109Clinton Portis
83.9%
103Rashard Mendenhall
83.9%
206Jonathan Stewart
83.3%
125Jonathan Stewart
83.3%
120Jonathan Stewart
83.3%
110Jonathan Stewart
83.3%
109Jonathan Stewart
83.3%
259Jamaal Charles
81.7%
154Jamaal Charles
81.7%
143Jamaal Charles
81.7%
103Jamaal Charles
81.7%
102Jamaal Charles
81.7%
167Willis McGahee
81.3%
286Jerome Harrison
81.1%
148Jerome Harrison
81.1%
127Jerome Harrison
81.1%
121Jerome Harrison
81.1%
110Tim Hightower
79.9%
110Ahmad Bradshaw
79.8%
104Ahmad Bradshaw
79.8%
123Laurence Maroney
78.2%
117Jamal Lewis
77.7%
110Chris 'Beanie' Wells
76.4%
144Shonn Greene
70.8%
143Mike Bell
58.8%
126Maurice Morris
57.2%
114Ladell Betts
56.4%
130Justin Forsett
53%
123Justin Forsett
53%
113Correll Buckhalter
51.9%
108Correll Buckhalter
51.9%
147Jason Snelling
42.5%
126Ryan Moats
42%
119Arian Foster
36.7%
119Bernard Scott
22.1%

You're not logged in!

Compare scores with friends on all Sporcle quizzes.
OR
Log In

You Might Also Like...

Show Comments

Extras

Created Jan 15, 2010ReportNominate
Tags:NFL Quiz, Play Quiz, 100 Yard, 2009, rusher

Top Quizzes Today


Score Distribution

Your Account Isn't Verified!

In order to create a playlist on Sporcle, you need to verify the email address you used during registration. Go to your Sporcle Settings to finish the process.

Report this User

Report this user for behavior that violates our Community Guidelines.

Details: